|
|
|
|
| LEADER |
01985nam a2200409 a 4500 |
| 001 |
EBC864144 |
| 003 |
MiAaPQ |
| 005 |
20200520144314.0 |
| 006 |
m o d | |
| 007 |
cr cn||||||||| |
| 008 |
120202s2012 nyu s 000 0 eng d |
| 010 |
|
|
|z 2012002330
|
| 020 |
|
|
|z 9780875868974 (soft cover : alk. paper)
|
| 020 |
|
|
|z 9780875868981 (hard cover : alk. paper)
|
| 020 |
|
|
|a 9780875868998 (electronic bk.)
|
| 035 |
|
|
|a (MiAaPQ)EBC864144
|
| 035 |
|
|
|a (Au-PeEL)EBL864144
|
| 035 |
|
|
|a (CaPaEBR)ebr10558442
|
| 035 |
|
|
|a (OCoLC)821198152
|
| 040 |
|
|
|a MiAaPQ
|c MiAaPQ
|d MiAaPQ
|
| 043 |
|
|
|a e------
|a n-us---
|
| 050 |
|
4 |
|a HB3722
|b .C687 2012
|
| 082 |
0 |
4 |
|a 330.9/0511
|2 23
|
| 100 |
1 |
|
|a Converse, Raymond W.
|
| 245 |
1 |
0 |
|a Fiscal crisis and world order
|h [electronic resource] /
|c Raymond W. Converse.
|
| 260 |
|
|
|a New York :
|b Algora Pub.,
|c c2012.
|
| 300 |
|
|
|a 211 p.
|
| 505 |
0 |
|
|a The global repercussions of the recession and fiscal crisis -- How the current crisis differs from those of the past -- The reaction to the fiscal crisis in the US -- The fiscal crisis as it affects the European Union and the rest of the world -- Some alternative outlooks to the fiscal crisis -- A look at the world order as it exists in today's world -- The creation of a new world order -- The EU model -- EU as a guide -- A look at a new world order based on international institutions.
|
| 533 |
|
|
|a Electronic reproduction. Ann Arbor, MI : ProQuest, 2015. Available via World Wide Web. Access may be limited to ProQuest affiliated libraries.
|
| 650 |
|
0 |
|a Financial crises.
|
| 650 |
|
0 |
|a International economic relations.
|
| 650 |
|
0 |
|a Economic policy
|x International cooperation.
|
| 651 |
|
0 |
|a European Union countries
|x Foreign economic relations.
|
| 651 |
|
0 |
|a United States
|x Foreign economic relations.
|
| 655 |
|
4 |
|a Electronic books.
|
| 710 |
2 |
|
|a ProQuest (Firm)
|
| 856 |
4 |
0 |
|u https://ebookcentral.proquest.com/lib/matrademy/detail.action?docID=864144
|z Click to View
|